000 00277nam a22001097a 4500
008 170125b xxu||||| |||| 00| 0 eng d
020 _a08898529
041 _aeng
080 _a61
245 _aENDOCRINOROLOGY AND METABOLISM CLINICS OF NORTH AMERICA
_cMARCUS, R
942 _2udc
_cBK
999 _c3687
_d3687